Statistics for Tom Clancy's The Division 2: All Mission Bosses

Click here to take the quiz!

General Stats

  • This quiz has been taken 22 times
  • The average score is 34 of 111

Answer Stats

MissionAnswer% Correct
Liberty IslandAaron Keener
100%
Wall Street 1
Duchess
89%
Capitol 3General Antwon Ridgeway
89%
Wall Street 4James Dragov
89%
Bank HeadquartersRoach
89%
Grand Washington HotelSaint
89%
Jefferson Trade CenterCoyote
78%
Tidal Basin: Manhunt 2
Carter "Hornet" Leroux
78%
Pathway ParkJavier Kajika
78%
Wall Street 2Knuckles
78%
Invaded Jefferson Trade Center 2Luka "Horn" Milic
78%
Tidal BasinMilla "Wyvern" Radek
78%
Wall Street 3Ron
78%
Viewpoint MuseumStaff Sergeant Carl "Wade"
78%
The Tombs 2Theo Parnell
78%
District Union Arena 1Books
67%
Roosevelt Island: Manhunt
Molly "Jupiter" Henderson
67%
Camp White Oak: Manhunt 2Faye Lau
67%
Air and space museumLieutenant Kelly
67%
Invaded Grand Washington Hotel 1Phaedra "Puck" Lao
67%
Space Administration HQSergeant Steve "Junior" Quiroz
67%
Federal Emergency BunkerThe Bloodhound
67%
Stranded Tanker 2Vivian Conley
67%
District Union Arena 2Diesel
56%
District Union Arena 3Dime
56%
Invaded Camp White Oak 3Harper "Heads" Price
56%
Invaded Grand Washington Hotel 2Heath "Roadblock" OMalley
56%
Invaded Grand Washington Hotel 3James "Carver" Wajinski
56%
Invaded Air And Space MuseumStan "Chunky" Dawson
56%
Invaded Camp White Oak 4Teagan "Tails" Price
56%
Operation Dark Hours 5DDP-52 Razorback
44%
Coney Island Amusement ParkDolores Jones
44%
Coney Island BallparkElijah Sumner
44%
Capitol 1Lieutenant "Doc" Simpson
44%
Invaded Camp White Oak 1Riley "Knife" Carter
44%
The Tombs 1The Judge
44%
Potomac Event Center 1The Owl
44%
Manning National Zoo 3The Raven
44%
Invaded American History MuseumAndrew "Butterfingers" Nguyen
33%
Jefferson PlazaCaptain Wilson
33%
Operation Iron Horse 3Colonel Morozova
33%
Coney Island Amusement Park: Manhunt
Bardon Schaeffer
33%
Manning National Zoo 4Emeline Shaw
33%
Operation Iron Horse 1Lieutenant Gray
33%
Lincoln Memorial 3Private Jeremiah Ramos
33%
Roosevelt Island 2The Basilisk
33%
Roosevelt Island 1The Wildfire
33%
Invaded Federal Emergency BunkerZach "Fluffy" Foster
33%
Stranded Tanker 1Ashford
22%
Operation Dark Hours 2Ben "Dizzy" Carter
22%
American History MuseumCaptain Briggs
22%
Operation Iron Horse 2Captain Fieser
22%
Lincoln Memorial 1Major Ashford
22%
Operation Iron Horse 4Major Williams
22%
Operation Dark Hours 1Max "Boomer" Bailey
22%
Operation Dark Hours 4Oliver "Weasel" Gordon
22%
DARPA Labs 2Petrus Brenner
22%
Lincoln Memorial 2Private Trevor Hanson
22%
DCD HeadquartersThe Blade
22%
Potomac Event Center 2The Corpulent
22%
Kenly Collage Metro Station 3The Drummer
22%
Kenly Collage Metro Station 1The Rat
22%
The Pentagon 3XB-31 "Marauder"
22%
Invaded Camp White Oak 2Zach "Loot" Miller
22%
Invaded District Union Arena 3Aurora "Klutz" Kay
11%
Capitol 2Captain "Kendra" Nelson
11%
Operation Dark Hours 3Carl "Ricochet" Dawson
11%
Tidal Basin: Manhunt 1Chimera
11%
Invaded Roosevelt Island 1Edward "Odyssey" Jones
11%
Invaded Jefferson Trade Center 1James "Flycatcher" Garington
11%
Invaded Jefferson PlazaKathy "Poppy" Huang
11%
Invaded Bank Headquarters 3Marcie "Scratch" McCollough
11%
Invaded Viewpoint MuseumMarshall "Kelpie" Patterson
11%
Invaded Bank Headquarters 1Rob "Driver" Jacobi
11%
Camp White Oak 1Tadeu "Doctor" Almeida
11%
Invaded Bank Headquarters 2Tanner "Kegger" Brown
11%
Kenly Collage Student Union 7The Hammer
11%
Kenly Collage Student Union 3The Kin
11%
Kenly Collage Student Union 6The Silver
11%
Invaded Space Administration HeadquartersAlexandra "Tidy" Popov
0%
Invaded Lincoln MemorialAlex "Marx" Chavez
0%
Invaded Manning National Zoo 1Alpha Team Leader
0%
The Pentagon 2Ben "Mega" Reinhold
0%
Invaded Manning National Zoo 2Bravo Team Leader
0%
Invaded Potomac Event CenterCarver "Edward" Butler
0%
Invaded Lincoln MemorialDan "Engles" Takahara
0%
Invaded CapitolDavid "Prime" Maxwell
0%
Invaded Manning National Zoo 4Delta Team Leader
0%
DARPA Labs 1Deshawn "Echo Leader" Griffin
0%
The Pentagon 1
John "Architect" Figgs
0%
Invaded District Union Arena 2Eric "Splits" Lane
0%
Invaded Roosevelt Island 3Erin "Shorty" Linwood
0%
Camp White Oak 2Galvestan
0%
Invaded Manning National Zoo 3Gamma Team Leader
0%
Camp White Oak: Manhunt 1Jim "Bulwerk" Wilson
0%
Invaded Roosevelt Island 2Kristina "Killer" Kiwi
0%
Invaded District Union Arena 1Matthew "Jocky" Henderson
0%
Invaded DCD HeadquartersSangria "Mozuela" Mescudi
0%
Kenly Collage Student Union 1The Absolved
0%
Kenly Collage Library 3The Broken
0%
Kenly Collage Library 2The Bruised
0%
Kenly Collage Library 4The Censor
0%
Kenly Collage Library 1The Harmed
0%
Manning National Zoo 2The Harsh
0%
Kenly Collage Metro Station 2The Hook
0%
Kenly Collage Student Union 5The Pure
0%
Kenly Collage Student Union 2The Spitfire
0%
Kenly Collage Student Union 4The Steadfast
0%
Kenly Collage Metro Station 4The Studied
0%
Manning National Zoo 1The Vehement
0%
Invaded Lincoln MemorialVlad "Oldman" Orlov
0%

Score Distribution

Percentile by Number Answered

Percent of People with Each Score

Your Score History

You have not taken this quiz